00635 2200229 4500001002100000005001700021008004100038020002200079035002500101040001200126082000800138084001800146100001200164245009300176250001000269260002900279300003000308650002000338700001600358700001900374850001200393INLIS00000000000528420150512090646.0  a978-979-29-4124-1 a0010-051500000000417 aYOPDYOG a813 aDEP 813 Sus J aSUSAN R aJingga si burung biruc/ penulis Susan R ; ilustrator Andi Tri S ; editor Risa Ambarizky aCet.1 aYogyakartabNyonyoc2013 a24 hlm.b: ilus.c; 19 cm aNovel-Indonesia aAndi Tri S. aRisa Ambarizky aYOPDYOG